El Legislativo ante la gestin̤ metropolitana

Bibliographic Details
Main Author: Eibenschutz Hartman, Roberto
Format: eBook
Language:Spanish
Published: Ciudad de Mx̌ico: Cm̀ara de Diputados, 2009
Subjects:
Online Access:Acceso restringido

MARC

LEADER 00000nam a22000007a 4500
005 20171212192121.0
007 cr|||| ||||
008 171212s2009 mx |||||s|||| 00||0 spa d
020 |a 978-607-401-113-5 
035 |a 20900 
040 |a vLex 
090 |c 7312  |d 7312 
100 1 |a Eibenschutz Hartman, Roberto  
245 1 3 |a El Legislativo ante la gestin̤ metropolitana  |h [Recurso electrn̤ico] /  |c Roberto Eibenschutz Hartman  
256 |a Servicio en ln̕ea 
260 |a Ciudad de Mx̌ico:  |b Cm̀ara de Diputados,  |c 2009 
300 |a 1 recurso electrn̤ico 
500 |a Este libro ofrece un material de consulta que permite profundizar en el anl̀isis metropolitano, ya que ren︢e las reflexiones de algunos de los ms̀ destacados estudiosos en Mx̌ico, de la gestin̤ metropolitana, quienes desde diversos enfoques discuten y aportan su visin̤ para el anl̀isis de los problemas medulares y sus posibles va̕s de solucin̤, haciendo ňfasis en la incidencia que pueden tener en el trabajo Legislativo. Los materiales fueron desarrollados por expertos en la materia, con una amplia experiencia tanto en el campo acadm̌ico como en el institucional, se trata de profesionistas que han estado directamente involucrados en la gestin̤ metropolitana pero que adems̀ se han adentrado en su anl̀isis sistemt̀ico, en su discusin̤ y reflexin̤. Se trata por tanto, de aportaciones originales que analizan de manera puntual diversas problemt̀icas y oportunidades, pero que en su conjunto responden a la intencin̤ de presentar un panorama de la complejidad del fenm̤eno metropolitano, tanto desde el punto de vista epistemolg̤ico y metodolg̤ico como desde la perspectiva de su planeacin̤ y gestin̤. Los textos se presentan ordenados en cuatro bloques temt̀icos derivados de la propia estructura del diplomado, donde se abordaron contenidos que van desde aspectos conceptuales hasta procesos y problemt̀icas puntuales de las metrp̤olis, revisando diversas experiencias nacionales e internacionales. 
506 1 |a Disponible solo en los productos indicados  |d vLex Global  |d vLex Global (Academic Edition, excluding Law Schools)  |d vLex Global (U.S. Academic Edition, Law Schools)  |d vLex Global (U.S. Academic Edition, excluding Law Schools)  |d vLex Global (Academic Edition, Law Schools) 
650 0 4 |a Derecho Civil  |z Mx̌ico 
650 0 4 |a Derecho Pb︢lico y Administrativo  |z Mx̌ico 
740 0 |a vLex Libros (Servicio en ln̕ea) 
856 4 0 |u http://vlex.com/source/infografias-ceameg-20900  |z Acceso restringido 
942 |c BOOK 
999 0 |a Civil law 
999 0 |a Public and administrative law